A handbook fot travellers in Japan (Record no. 6982)

MARC details
000 -CABECERA
campo de control de longitud fija 00714nam a2200241 a 4500
001 - NÚMERO DE CONTROL
campo de control BRCA_7306
005 - FECHA Y HORA DE LA ÚLTIMA TRANSACCIÓN
campo de control 20190320205803.0
008 - DATOS DE LONGITUD FIJA--INFORMACIÓN GENERAL
campo de control de longitud fija 010411s1894----enkab#####---#000-0#eng-#
041 ## - CÓDIGO DE LENGUA
Código de lengua del texto/banda sonora o título independiente eng
044 ## - CÓDIGO DEL PAÍS DE LA ENTIDAD EDITORA/PRODUCTORA
Código MARC del país enk
050 #4 - SIGNATURA TOPOGRÁFICA DE LA BIBLIOTECA DEL CONGRESO
Número de clasificación DS805
Número de documento/Ítem .Ch36 1894
100 1# - ENTRADA PRINCIPAL--NOMBRE DE PERSONA
Nombre de persona Chamberlain, Basil Hall
Fechas asociadas al nombre 1850-1935
9 (RLIN) 18070
245 10 - MENCIÓN DE TÍTULO
Título A handbook fot travellers in Japan
Mención de responsabilidad, etc. by Basil Hall Chamberlain and W. B. Mason.
250 ## - MENCIÓN DE EDICIÓN
Mención de edición 4
260 ## - PUBLICACIÓN, DISTRIBUCIÓN, ETC.
Lugar de publicación, distribución, etc. Londres
Nombre del editor, distribuidor, etc. J. Murray
Fecha de publicación, distribución, etc. 1894
300 ## - DESCRIPCIÓN FÍSICA
Extensión 528 p.
Otras características físicas il. (algunas a color), mapas
Dimensiones 18 cm.
500 ## - NOTA GENERAL
Nota general Incluye lista de mapas
500 ## - NOTA GENERAL
Nota general G117C
651 #4 - PUNTO DE ACCESO ADICIONAL DE MATERIA--NOMBRE GEOGRÁFICO
Nombre geográfico Japón
Subdivisión de forma Guías
Subdivisión general Descripción y viajes
9 (RLIN) 18071
700 1# - PUNTO DE ACCESO ADICIONAL--NOMBRE DE PERSONA
Nombre de persona Mason, W. B.
Término indicativo de función/relación Coautor
9 (RLIN) 18072
902 ## - CATALOGADOR
Iniciales GFM
942 ## - ELEMENTOS DE PUNTO DE ACCESO ADICIONAL (KOHA)
Fuente del sistema de clasificación o colocación Library of Congress Classification
Tipo de ítem Koha Libros
Holdings
Estado de retiro Estado de pérdida Estado dañado No para préstamo Localización permanente Ubicación/localización actual Fecha de adquisición Número de inventario Total de préstamos Signatura topográfica completa Código de barras Fecha visto por última vez Precio válido a partir de Tipo de ítem Koha
El ejemplar forma parte de la colección y puede ser consultado según las políticas vigentes.       Biblioteca del Museo Franz Mayer (Rogerio Casas-Alatriste) Biblioteca del Museo Franz Mayer (Rogerio Casas-Alatriste) 29/05/2012 G117C   DS805 .Ch36 1894 (G117C) 7888 22/03/2019 22/03/2019 Libros